<?xml version="1.0" encoding="UTF-8"?>
<record
    xmlns:xsi="http://www.w3.org/2001/XMLSchema-instance"
    xsi:schemaLocation="http://www.loc.gov/MARC21/slim http://www.loc.gov/standards/marcxml/schema/MARC21slim.xsd"
    xmlns="http://www.loc.gov/MARC21/slim">

  <leader>00676nam a2200217Ia 4500</leader>
  <controlfield tag="005">20230504102120.0</controlfield>
  <controlfield tag="008">210716s2007    xx            000 0 und d</controlfield>
  <datafield tag="020" ind1=" " ind2=" ">
    <subfield code="a">9788126518845</subfield>
  </datafield>
  <datafield tag="040" ind1=" " ind2=" ">
    <subfield code="c">AIMIT LIBRARY</subfield>
  </datafield>
  <datafield tag="041" ind1=" " ind2=" ">
    <subfield code="a">eng</subfield>
  </datafield>
  <datafield tag="082" ind1=" " ind2=" ">
    <subfield code="a">658.162 </subfield>
    <subfield code="2">4</subfield>
    <subfield code="b">GAUP</subfield>
  </datafield>
  <datafield tag="100" ind1=" " ind2=" ">
    <subfield code="a">Gaughan, Patrick A.</subfield>
    <subfield code="9">97468</subfield>
  </datafield>
  <datafield tag="245" ind1=" " ind2=" ">
    <subfield code="a">Mergers acquisitions and corporate restructurings /</subfield>
    <subfield code="c">By Patrick A Gaughan.</subfield>
  </datafield>
  <datafield tag="250" ind1=" " ind2=" ">
    <subfield code="a">4th ed.</subfield>
  </datafield>
  <datafield tag="260" ind1=" " ind2=" ">
    <subfield code="a">New Delhi ;</subfield>
    <subfield code="b">Wiley India Pvt Ltd ,</subfield>
    <subfield code="c">2007.</subfield>
  </datafield>
  <datafield tag="300" ind1=" " ind2=" ">
    <subfield code="a">xii,621p. ;</subfield>
    <subfield code="b">PB</subfield>
    <subfield code="c">22 cm</subfield>
  </datafield>
  <datafield tag="650" ind1=" " ind2=" ">
    <subfield code="a">History of mergers</subfield>
    <subfield code="9">97469</subfield>
  </datafield>
  <datafield tag="650" ind1=" " ind2=" ">
    <subfield code="a">Legal framework</subfield>
    <subfield code="9">97470</subfield>
  </datafield>
  <datafield tag="650" ind1=" " ind2=" ">
    <subfield code="a">Corporate governance</subfield>
    <subfield code="9">97471</subfield>
  </datafield>
  <datafield tag="942" ind1=" " ind2=" ">
    <subfield code="2">ddc</subfield>
    <subfield code="c">BK</subfield>
    <subfield code="e">4th</subfield>
    <subfield code="k">658.162 GAUP</subfield>
  </datafield>
  <datafield tag="999" ind1=" " ind2=" ">
    <subfield code="c">203593</subfield>
    <subfield code="d">203593</subfield>
  </datafield>
  <datafield tag="952" ind1=" " ind2=" ">
    <subfield code="0">0</subfield>
    <subfield code="1">0</subfield>
    <subfield code="2">ddc</subfield>
    <subfield code="4">0</subfield>
    <subfield code="7">0</subfield>
    <subfield code="8">MBA</subfield>
    <subfield code="a">AIMIT</subfield>
    <subfield code="b">AIMIT</subfield>
    <subfield code="d">2009-09-16</subfield>
    <subfield code="g">499.00</subfield>
    <subfield code="i">Bill no:9844; Bill dt:2008-09-14</subfield>
    <subfield code="l">0</subfield>
    <subfield code="o">658.162 GAUP</subfield>
    <subfield code="p">MBA06159</subfield>
    <subfield code="r">2026-05-23 00:00:00</subfield>
    <subfield code="v">374.25</subfield>
    <subfield code="w">2021-07-16</subfield>
    <subfield code="y">BK</subfield>
  </datafield>
  <datafield tag="952" ind1=" " ind2=" ">
    <subfield code="0">0</subfield>
    <subfield code="1">0</subfield>
    <subfield code="2">ddc</subfield>
    <subfield code="4">0</subfield>
    <subfield code="7">3</subfield>
    <subfield code="8">MBA</subfield>
    <subfield code="a">AIMIT</subfield>
    <subfield code="b">AIMIT</subfield>
    <subfield code="d">2009-09-16</subfield>
    <subfield code="g">499.00</subfield>
    <subfield code="i">Bill no:9844; Bill dt:2008-09-14</subfield>
    <subfield code="l">0</subfield>
    <subfield code="o">658.162 GAUP</subfield>
    <subfield code="p">MBA06160</subfield>
    <subfield code="r">2025-07-21 00:00:00</subfield>
    <subfield code="v">374.25</subfield>
    <subfield code="w">2021-07-16</subfield>
    <subfield code="y">BK</subfield>
  </datafield>
  <datafield tag="952" ind1=" " ind2=" ">
    <subfield code="0">0</subfield>
    <subfield code="1">0</subfield>
    <subfield code="2">ddc</subfield>
    <subfield code="4">0</subfield>
    <subfield code="7">0</subfield>
    <subfield code="8">MBA</subfield>
    <subfield code="a">AIMIT</subfield>
    <subfield code="b">AIMIT</subfield>
    <subfield code="d">2009-09-16</subfield>
    <subfield code="g">499.00</subfield>
    <subfield code="i">Bill no:9844; Bill dt:2008-09-14</subfield>
    <subfield code="l">0</subfield>
    <subfield code="o">658.162 GAUP</subfield>
    <subfield code="p">MBA06161</subfield>
    <subfield code="r">2026-05-23 00:00:00</subfield>
    <subfield code="v">374.25</subfield>
    <subfield code="w">2021-07-16</subfield>
    <subfield code="y">BK</subfield>
  </datafield>
  <datafield tag="952" ind1=" " ind2=" ">
    <subfield code="0">0</subfield>
    <subfield code="1">0</subfield>
    <subfield code="2">ddc</subfield>
    <subfield code="4">0</subfield>
    <subfield code="7">0</subfield>
    <subfield code="8">MBA</subfield>
    <subfield code="a">AIMIT</subfield>
    <subfield code="b">AIMIT</subfield>
    <subfield code="d">2009-09-16</subfield>
    <subfield code="g">499.00</subfield>
    <subfield code="i">Bill no:9844; Bill dt:2008-09-14</subfield>
    <subfield code="l">0</subfield>
    <subfield code="o">658.162 GAUP</subfield>
    <subfield code="p">MBA06162</subfield>
    <subfield code="r">2026-05-23 00:00:00</subfield>
    <subfield code="v">374.25</subfield>
    <subfield code="w">2021-07-16</subfield>
    <subfield code="y">BK</subfield>
  </datafield>
  <datafield tag="952" ind1=" " ind2=" ">
    <subfield code="0">0</subfield>
    <subfield code="1">0</subfield>
    <subfield code="2">ddc</subfield>
    <subfield code="4">0</subfield>
    <subfield code="7">0</subfield>
    <subfield code="8">MBA</subfield>
    <subfield code="a">AIMIT</subfield>
    <subfield code="b">AIMIT</subfield>
    <subfield code="d">2009-09-16</subfield>
    <subfield code="g">499.00</subfield>
    <subfield code="i">Bill no:9844; Bill dt:2008-09-14</subfield>
    <subfield code="l">0</subfield>
    <subfield code="o">658.162 GAUP</subfield>
    <subfield code="p">MBA06163</subfield>
    <subfield code="r">2026-05-23 00:00:00</subfield>
    <subfield code="v">374.25</subfield>
    <subfield code="w">2021-07-16</subfield>
    <subfield code="y">BK</subfield>
  </datafield>
  <datafield tag="952" ind1=" " ind2=" ">
    <subfield code="0">0</subfield>
    <subfield code="1">0</subfield>
    <subfield code="2">ddc</subfield>
    <subfield code="4">0</subfield>
    <subfield code="7">0</subfield>
    <subfield code="8">MBA</subfield>
    <subfield code="a">AIMIT</subfield>
    <subfield code="b">AIMIT</subfield>
    <subfield code="d">2009-09-16</subfield>
    <subfield code="g">499.00</subfield>
    <subfield code="i">Bill no:9844; Bill dt:2008-09-14</subfield>
    <subfield code="l">0</subfield>
    <subfield code="o">658.162 GAUP</subfield>
    <subfield code="p">MBA06164</subfield>
    <subfield code="r">2026-05-23 00:00:00</subfield>
    <subfield code="v">374.25</subfield>
    <subfield code="w">2021-07-16</subfield>
    <subfield code="y">BK</subfield>
  </datafield>
  <datafield tag="952" ind1=" " ind2=" ">
    <subfield code="0">0</subfield>
    <subfield code="1">0</subfield>
    <subfield code="2">ddc</subfield>
    <subfield code="4">0</subfield>
    <subfield code="7">0</subfield>
    <subfield code="8">MBA</subfield>
    <subfield code="a">AIMIT</subfield>
    <subfield code="b">AIMIT</subfield>
    <subfield code="d">2009-09-16</subfield>
    <subfield code="g">499.00</subfield>
    <subfield code="i">Bill no:9844; Bill dt:2008-09-14</subfield>
    <subfield code="l">0</subfield>
    <subfield code="o">658.162 GAUP</subfield>
    <subfield code="p">MBA06165</subfield>
    <subfield code="r">2026-05-23 00:00:00</subfield>
    <subfield code="v">374.25</subfield>
    <subfield code="w">2021-07-16</subfield>
    <subfield code="y">BK</subfield>
  </datafield>
  <datafield tag="952" ind1=" " ind2=" ">
    <subfield code="0">0</subfield>
    <subfield code="1">0</subfield>
    <subfield code="2">ddc</subfield>
    <subfield code="4">0</subfield>
    <subfield code="7">0</subfield>
    <subfield code="8">MBA</subfield>
    <subfield code="a">AIMIT</subfield>
    <subfield code="b">AIMIT</subfield>
    <subfield code="d">2009-09-16</subfield>
    <subfield code="g">499.00</subfield>
    <subfield code="i">Bill no:9844; Bill dt:2008-09-14</subfield>
    <subfield code="l">0</subfield>
    <subfield code="o">658.162 GAUP</subfield>
    <subfield code="p">MBA06166</subfield>
    <subfield code="r">2026-05-23 00:00:00</subfield>
    <subfield code="v">374.25</subfield>
    <subfield code="w">2021-07-16</subfield>
    <subfield code="y">BK</subfield>
  </datafield>
  <datafield tag="952" ind1=" " ind2=" ">
    <subfield code="0">0</subfield>
    <subfield code="1">0</subfield>
    <subfield code="2">ddc</subfield>
    <subfield code="4">0</subfield>
    <subfield code="7">0</subfield>
    <subfield code="8">MBA</subfield>
    <subfield code="a">AIMIT</subfield>
    <subfield code="b">AIMIT</subfield>
    <subfield code="d">2009-09-16</subfield>
    <subfield code="g">499.00</subfield>
    <subfield code="i">Bill no:9844; Bill dt:2008-09-14</subfield>
    <subfield code="l">0</subfield>
    <subfield code="o">658.162 GAUP</subfield>
    <subfield code="p">MBA06167</subfield>
    <subfield code="r">2026-05-23 00:00:00</subfield>
    <subfield code="v">374.25</subfield>
    <subfield code="w">2021-07-16</subfield>
    <subfield code="y">BK</subfield>
  </datafield>
  <datafield tag="952" ind1=" " ind2=" ">
    <subfield code="0">0</subfield>
    <subfield code="1">0</subfield>
    <subfield code="2">ddc</subfield>
    <subfield code="4">0</subfield>
    <subfield code="7">0</subfield>
    <subfield code="8">MBA</subfield>
    <subfield code="a">AIMIT</subfield>
    <subfield code="b">AIMIT</subfield>
    <subfield code="d">2009-09-16</subfield>
    <subfield code="g">499.00</subfield>
    <subfield code="i">Bill no:9844; Bill dt:2008-09-14</subfield>
    <subfield code="l">0</subfield>
    <subfield code="o">658.162 GAUP</subfield>
    <subfield code="p">MBA06168</subfield>
    <subfield code="r">2026-05-23 00:00:00</subfield>
    <subfield code="v">374.25</subfield>
    <subfield code="w">2021-07-16</subfield>
    <subfield code="y">BK</subfield>
  </datafield>
  <datafield tag="952" ind1=" " ind2=" ">
    <subfield code="0">0</subfield>
    <subfield code="1">0</subfield>
    <subfield code="2">ddc</subfield>
    <subfield code="4">0</subfield>
    <subfield code="7">0</subfield>
    <subfield code="8">MBA</subfield>
    <subfield code="a">AIMIT</subfield>
    <subfield code="b">AIMIT</subfield>
    <subfield code="d">2010-05-16</subfield>
    <subfield code="g">499.00</subfield>
    <subfield code="i">Bill no:25; Bill dt:2010-04-30</subfield>
    <subfield code="l">0</subfield>
    <subfield code="o">658.162 GAUP</subfield>
    <subfield code="p">MBA07891</subfield>
    <subfield code="r">2026-05-23 00:00:00</subfield>
    <subfield code="v">359.28</subfield>
    <subfield code="w">2021-07-16</subfield>
    <subfield code="y">BK</subfield>
  </datafield>
</record>
